Miracles on Maple Hill / (Record no. 3750)

MARC details
000 -LEADER
fixed length control field 01366cam a2200301 a 4500
005 - DATE AND TIME OF LATEST TRANSACTION
control field 20250528124156.0
020 ## - INTERNATIONAL STANDARD BOOK NUMBER
International Standard Book Number 0152545611 :
040 ## - CATALOGING SOURCE
Original cataloging agency DLC
Transcribing agency DLC
Modifying agency DLC
Language of cataloging eng
050 00 - LIBRARY OF CONGRESS CALL NUMBER
Classification number PZ7.S72
082 00 - DEWEY DECIMAL CLASSIFICATION NUMBER
Edition number 823.91
100 1# - MAIN ENTRY--PERSONAL NAME
Personal name Sorensen, Virginia
Dates associated with a name 1912-1991.
245 10 - TITLE STATEMENT
Title Miracles on Maple Hill /
Statement of responsibility, etc. Virginia Sorensen ; illustrated by Beth and Joe Krush.
250 ## - EDITION STATEMENT
Edition statement First Scholastic printing , Septermber 1989
260 ## - PUBLICATION, DISTRIBUTION, ETC.
Place of publication, distribution, etc. New York :
Name of publisher, distributor, etc. Scholastic ,
Date of publication, distribution, etc. 1984
300 ## - PHYSICAL DESCRIPTION
Extent 180 pages :
Other physical details illustrations ;
Dimensions 20 cm.
505 ## - FORMATTED CONTENTS NOTE
Formatted contents note R <br/>
520 ## - SUMMARY, ETC.
Summary, etc. Juvenile Fiction. Historical Fiction. HTML:Winner of the 1957 Newbery Award, this novel offers a loving portrait of a family trying to put itself back together when the father returns from a war in a distant land. Written over 45 years ago, Maple Hill is eerily apt for today�??s young listeners�??who will also appreciate the beautifully crafted portrait of a rural world that still exists, but is rapidly vanishing. An all time
521 ## - TARGET AUDIENCE NOTE
Target audience note 750 <br/><br/>
Source Lexile <br/>
521 ## - TARGET AUDIENCE NOTE
Target audience note R <br/>
Source Raz-Plus <br/>
650 #1 - SUBJECT ADDED ENTRY--TOPICAL TERM
Topical term or geographic name entry element Moving, Household
General subdivision Fiction
650 #1 - SUBJECT ADDED ENTRY--TOPICAL TERM
Topical term or geographic name entry element Family problems
General subdivision Fiction.
650 #1 - SUBJECT ADDED ENTRY--TOPICAL TERM
Topical term or geographic name entry element Country life
Geographic subdivision Pennsylvania
General subdivision Fiction.
700 1# - ADDED ENTRY--PERSONAL NAME
Personal name Krush, Beth
Relator term illustrator
700 1# - ADDED ENTRY--PERSONAL NAME
Personal name Krush, Joe,
Relator term illustrator
906 ## - LOCAL DATA ELEMENT F, LDF (RLIN)
a 7
b cbc
c orignew
d 1
e ocip
f 19
g y-gencatlg
942 ## - ADDED ENTRY ELEMENTS (KOHA)
Source of classification or shelving scheme Dewey Decimal Classification
Koha item type Books
Suppress in OPAC No
999 ## -
-- 3750
-- 3750
Holdings
Withdrawn status Lost status Source of classification or shelving scheme Damaged status Not for loan Collection Home library Current library Shelving location Date acquired Total Checkouts Full call number Barcode Date last seen Copy number Price effective from Koha item type Date last checked out
    Dewey Decimal Classification     Fiction Footprints International School Library Network Toul Kork Campus Footprints International School Library Network Toul Kork Campus   05/30/2024   SOR 823.91 PZ7.S72 2024-0752 05/30/2024 2 05/30/2024 Books  
    Dewey Decimal Classification     Fiction Footprints International School Library Network Toul Kork Campus Footprints International School Library Network Toul Kork Campus   05/30/2024   SOR 823.91 PZ7.S72 2024-0755 05/30/2024 3 05/30/2024 Books  
    Dewey Decimal Classification     Fiction Footprints International School Library Network Toul Kork Campus Footprints International School Library Network Toul Kork Campus   06/10/2024   SOR 823.91 PZ7.S72 2024-0858 06/10/2024 4 06/10/2024 Books  
    Dewey Decimal Classification     Fiction Footprints International School Library Network Toul Kork Campus Footprints International School Library Network Toul Kork Campus   06/10/2024   SOR 823.91 PZ7.S72 2024-0860 06/10/2024 6 06/10/2024 Books  
    Dewey Decimal Classification     Fiction Footprints International School Library Network Toul Kork Campus Footprints International School Library Network Toul Tom Poung Campus   04/29/2024   SOR 823.91 PZ7.S72 FISSE01690 05/28/2025 1 04/29/2024 Books  
    Dewey Decimal Classification     Fiction Footprints International School Library Network Toul Kork Campus Footprints International School Library Network Toul Tom Poung Campus   06/10/2024 1 SOR 823.91 PZ7.S72 2024-0859 06/05/2025 5 06/10/2024 Books 04/25/2025